| 000 | 00639cam a2200217 a 4500 | ||
|---|---|---|---|
| 001 | 4363411 | ||
| 005 | 20171215080928.0 | ||
| 008 | 900920s1991 enk d 000 0 eng | ||
| 010 | _a 90049943 | ||
| 020 | _a0631172149 | ||
| 040 |
_aDLC _cDLC _dDLC |
||
| 041 | _aeng | ||
| 080 | _a803 CUD | ||
| 082 | 0 | 0 |
_a803 CUD _220 |
| 100 | 1 | _a20 | |
| 101 | _aGJUH | ||
| 245 | 1 | 2 |
_aA dictionary of literary terms and literary theory / _cJ.A. Cuddon. |
| 906 |
_a7 _bcbc _corignew _d1 _eocip _f19 _gy-gencatlg |
||
| 942 |
_2ddc _cBK |
||
| 999 |
_c39025 _d39025 |
||